KEMVES LIFE / (Record no. 200404)
[ view plain ]
| 000 -LEADER | |
|---|---|
| fixed length control field | 00839nam a2200241 i 4500 |
| 005 - DATE AND TIME OF LATEST TRANSACTION | |
| control field | 20251006103257.0 |
| 008 - FIXED-LENGTH DATA ELEMENTS--GENERAL INFORMATION | |
| fixed length control field | 250813s2025 my a gr6 000 1 may d |
| 020 ## - INTERNATIONAL STANDARD BOOK NUMBER | |
| International Standard Book Number | 9786299677062 |
| Terms of availability | RM16.00 |
| Qualifying information | paperback |
| 040 ## - CATALOGING SOURCE | |
| Original cataloging agency | PPAK |
| Language of cataloging | eng |
| Transcribing agency | PPAK |
| Description conventions | rda |
| 082 04 - DEWEY DECIMAL CLASSIFICATION NUMBER | |
| Edition number | 23 |
| Classification number | 741.59595 |
| 090 00 - LOCALLY ASSIGNED LC-TYPE CALL NUMBER (OCLC); LOCAL CALL NUMBER (RLIN) | |
| Classification number (OCLC) (R) ; Classification number, CALL (RLIN) (NR) | 741.59595 |
| Feature heading | SYE |
| Feature heading | G |
| 100 0# - MAIN ENTRY--PERSONAL NAME | |
| Personal name | Syed Qais, |
| Relator term | author |
| -- | editor. |
| 245 10 - TITLE STATEMENT | |
| Title | KEMVES LIFE / |
| Statement of responsibility, etc. | Karya Syed Qais, Arham Syafiq ; Editor Kreatif : Syed Qais |
| 264 #1 - PRODUCTION, PUBLICATION, DISTRIBUTION, MANUFACTURE, AND COPYRIGHT NOTICE | |
| Place of production, publication, distribution, manufacture | Kuantan, Pahang : |
| Name of producer, publisher, distributor, manufacturer | Kemves Studios, |
| Date of production, publication, distribution, manufacture, or copyright notice | [2025?] |
| 300 ## - PHYSICAL DESCRIPTION | |
| Extent | 151 pages : |
| Other physical details | colour illustrations ; |
| Dimensions | 21 cm |
| 336 ## - CONTENT TYPE | |
| Content type term | text |
| Source | rdacontent |
| 337 ## - MEDIA TYPE | |
| Media type term | unmediated |
| Source | rdamedia |
| 338 ## - CARRIER TYPE | |
| Carrier type term | volume |
| Source | rdacarrier |
| 650 10 - SUBJECT ADDED ENTRY--TOPICAL TERM | |
| Topical term or geographic name entry element | Comic books, strips, etc. |
| Geographic subdivision | Malaysia |
| Topical term or geographic name entry element | Comic books and teenagers |
| 700 0# - ADDED ENTRY--PERSONAL NAME | |
| Personal name | Arham Syafiq, |
| Relator term | author. |
| 942 ## - ADDED ENTRY ELEMENTS (KOHA) | |
| Source of classification or shelving scheme | Dewey Decimal Classification |
| Koha item type | Book |
| Withdrawn | Not for loan | Current library | Shelving location | Date acquired | Total Checkouts | Total Renewals | Full call number | Barcode | Date last seen | Date last checked out | Koha item type | Checked out |
|---|---|---|---|---|---|---|---|---|---|---|---|---|
| Perpustakaan Alor Setar | Pinjaman Dewasa | 18/08/2025 | 3 | 1 | 741.59595 SYE | A01873420 | 11/12/2025 | 26/11/2025 | Book | |||
| Perpustakaan Awam Sungai Petani | Pinjaman Dewasa | 18/08/2025 | 7 | 741.59595 SYE | A01873421 | 27/06/2026 | 27/06/2026 | Book | ||||
| Perpustakaan Baling | Pinjaman Dewasa | 18/08/2025 | 4 | 741.59595 SYE | A01873425 | 27/06/2026 | 27/06/2026 | Book | 18/07/2026 | |||
| Perpustakaan Bandar Baharu | Pinjaman Dewasa | 18/08/2025 | 741.59595 SYE | A01873426 | 18/08/2025 | Book | ||||||
| Perpustakaan Jitra | Pinjaman Dewasa | 18/08/2025 | 2 | 741.59595 SYE | A01873422 | 13/06/2026 | 25/05/2026 | Book | ||||
| Perpustakaan Kuala Nerang | Pinjaman Dewasa | 18/08/2025 | 741.59595 SYE | A01873430 | 18/08/2025 | Book | ||||||
| Perpustakaan Kulim | Pinjaman Dewasa | 18/08/2025 | 4 | 1 | 741.59595 SYE | A01873424 | 01/04/2026 | 28/02/2026 | Book | |||
| Perpustakaan Langkawi | Pinjaman Dewasa | 18/08/2025 | 741.59595 SYE | A01873423 | 18/08/2025 | Book | ||||||
| Perpustakaan Merbok | Pinjaman Dewasa | 18/08/2025 | 4 | 741.59595 SYE | A01873427 | 20/05/2026 | 19/05/2026 | Book | ||||
| Perpustakaan Pendang | Pinjaman Dewasa | 18/08/2025 | 1 | 1 | 741.59595 SYE | A01873431 | 12/05/2026 | 14/04/2026 | Book | |||
| Perpustakaan Sik | Pinjaman Dewasa | 18/08/2025 | 1 | 741.59595 SYE | A01873429 | 20/04/2026 | 19/04/2026 | Book | ||||
| Perpustakaan Yan | Pinjaman Dewasa | 18/08/2025 | 2 | 741.59595 SYE | A01873428 | 16/12/2025 | 09/12/2025 | Book | ||||
| Bergerak 3, Baling | Pinjaman Dewasa | 06/10/2025 | 741.59595 SYE | A01881559 | 06/10/2025 | Book | ||||||
| Bergerak 4, Sungai Petani | Pinjaman Dewasa | 06/10/2025 | 741.59595 SYE | A01881560 | 06/10/2025 | Book | ||||||
| Bergerak 5, Kulim | Pinjaman Dewasa | 06/10/2025 | 741.59595 SYE | A01881561 | 06/10/2025 | Book | ||||||
| PD02, Kg. Banggol Besi, Pendang | Pinjaman Dewasa | 06/10/2025 | 741.59595 SYE | A01881563 | 06/10/2025 | Book | ||||||
| PD04, Kg. Bukit Nambua, Kuala Nerang | Pinjaman Dewasa | 06/10/2025 | 741.59595 SYE | A01881565 | 06/10/2025 | Book | ||||||
| PD05, Kg. Lindungan Raja, Kulim | Pinjaman Dewasa | 06/10/2025 | 741.59595 SYE | A01881566 | 06/10/2025 | Book | ||||||
| PD06, Kg. Kepala Bukit, Pendang | Pinjaman Dewasa | 06/10/2025 | 741.59595 SYE | A01881567 | 06/10/2025 | Book | ||||||
| PD08, Felda Gunung Bongsu, Kulim | Pinjaman Dewasa | 06/10/2025 | 741.59595 SYE | A01881569 | 06/10/2025 | Book | ||||||
| PD29, Kg. Gajah Putih, Sik | Pinjaman Dewasa | 06/10/2025 | 741.59595 SYE | A01881572 | 06/10/2025 | Book |